PERCEPTIONS OF PRINCIPLES,TEACHERS AND STUDENTS ON ROLE OF THE FIELD TRIPS IN TEACHING AND LEARNING AGRICULTURE IN SECONDARY SCHOOLS ,RARIEDA SUB COUNTY, KENYA (Record no. 216068)

MARC details
000 -LEADER
fixed length control field 00617nam a22001577a 4500
008 - FIXED-LENGTH DATA ELEMENTS--GENERAL INFORMATION
fixed length control field 250902b |||||||| |||| 00| 0 eng d
050 ## - LIBRARY OF CONGRESS CALL NUMBER
Classification number THE S 531 . O 394 2017
Item number 1
100 ## - MAIN ENTRY--PERSONAL NAME
Personal name OKETCH, ADHIAMBO PHENNY
245 ## - TITLE STATEMENT
Title PERCEPTIONS OF PRINCIPLES,TEACHERS AND STUDENTS ON ROLE OF THE FIELD TRIPS IN TEACHING AND LEARNING AGRICULTURE IN SECONDARY SCHOOLS ,RARIEDA SUB COUNTY, KENYA
260 ## - PUBLICATION, DISTRIBUTION, ETC.
Place of publication, distribution, etc. KISII UNIVERISTY,
Name of publisher, distributor, etc. KISII UNIVERSIY PRESS,
Date of publication, distribution, etc. 2017,
300 ## - PHYSICAL DESCRIPTION
Extent XVii, 109 P, ILL
500 ## - GENERAL NOTE
General note INCLUDES BIBLIOGRAPHIC REFERENCE
650 ## - SUBJECT ADDED ENTRY
Topical term or geographic name entry element AGRICULTURE- STUDY AND TEACHING
942 ## - ADDED ENTRY ELEMENTS (KOHA)
Source of classification or shelving scheme Library of Congress Classification
Koha item type Reference
Holdings
Withdrawn status Lost status Source of classification or shelving scheme Damaged status Not for loan Collection Home library Current library Shelving location Date acquired Inventory number Total checkouts Full call number Barcode Date last seen Copy number Price effective from Koha item type
    Library of Congress Classification     Science & Technology Kisii University Library Kisii University Library On Display 09/02/2025 108014   THE S531.0394 2017 000000024631 09/02/2025 C.1 09/02/2025 Long Loan Book
    Library of Congress Classification     Special Research Kisii University Library Kisii University Library On Display 11/06/2025 090524   THE S 531 .O 394 2017 017444 11/06/2025 2 11/06/2025 Reference